| 000 | 01171cam a22001814a 4500 | ||
|---|---|---|---|
| 005 | 20250605163934.0 | ||
| 008 | 250528s ||||||||||||||||||||||||d | ||
| 035 | _a14819 | ||
| 040 |
_aGR-AtMCL _bgre _dGR-AtMCL _eAACR2 |
||
| 245 | 1 | _aΤο Κατόρθωμα της Επικοινωνίας | |
| 260 |
_bInterbooks, _c1992 |
||
| 300 | _a176 | ||
| 520 | _aΟ Πύργος της Βαβέλ, Η Γενεαλογία του Όρου Επικοινωνία, Η Τέχνη της Επικοινωνίας και η Δεοντολογία της, Τα Αυτοδύναμα Επίπεδα της Επικοινωνίας, Γνώση και Σχέση, Ο Νόμος της Πειστικότητας, Το Νόημα της Πειστικότητας, Η Αμεσότητα των Μέσων Πληροφόρησης, Η Δύναμη των Μέσων Επικοινωνίας, Πραγματικότητα και Μύθοι, Η Πνευματική Επικοινωνία, Το Κατόρθωμα της Επικοινωνίας, Από τη Βιβλιογραφία. | ||
| 700 | 1 |
_aΦερούσης Δημήτρης _9579 |
|
| 942 | _cBK | ||
| 999 |
_c433 _d433 |
||